[Event "RSA-ch Seniors"]
[Site "Cape Town"]
[Date "2022.05.08"]
[Round "2"]
[White "Ohlson, Cecil"]
[Black "Van Schaik, Michael"]
[Result "1-0"]
[WhiteElo "1620"]
[BlackElo "1578"]
[PlyCount "66"]
[EventDate "2022.05.07"]
[EventType "tourn"]
[EventRounds "9"]
[EventCountry "RSA"]
[SourceTitle "CBM 208 Extra"]
[Source "ChessBase"]
[SourceDate "2022.07.31"]
[SourceVersion "1"]
[SourceVersionDate "2022.07.31"]
[SourceQuality "1"]

1. e4 d6 2. Nc3 Nf6 3. Bc4 c6 4. Bb3 e5 5. d3 Be7 6. f4 Bg4 7. Nf3 Nbd7 8. 0-0 Qb6+ 9. Kh1 h6 10. Qe1 exf4 11. Bxf4 g5 12. Be3 Qc7 13. d4 Bh5 14. Bg1 0-0-0 15. e5 dxe5 16. dxe5 Ng4 17. e6 Nde5 18. h3 Nxf3 19. Rxf3 Ne5 20. Re3 f6 21. Bh2 Bd6 22. Ne4 Qe7 23. Qa5 b6 24. Qc3 Qc7 25. Nxf6 Nf3 26. Bxd6 Qxd6 27. gxf3 Bg6 28. e7 Rde8 29. Nxe8 Rxe8 30. Qe5 Qxe5 31. Rxe5 Kc7 32. Rd1 Bh5 33. Kg2 Kc8 1-0

[Event "RSA-ch Seniors"]
[Site "Cape Town"]
[Date "2022.05.08"]
[Round "3"]
[White "Van Schaik, Michael"]
[Black "Lewis, Mark MM"]
[Result "0-1"]
[WhiteElo "1578"]
[BlackElo "1875"]
[PlyCount "108"]
[EventDate "2022.05.07"]
[EventType "tourn"]
[EventRounds "9"]
[EventCountry "RSA"]
[SourceTitle "CBM 208 Extra"]
[Source "ChessBase"]
[SourceDate "2022.07.31"]
[SourceVersion "1"]
[SourceVersionDate "2022.07.31"]
[SourceQuality "1"]

1. e4 d6 2. d4 Nf6 3. Nc3 c6 4. Bd3 e5 5. dxe5 dxe5 6. h3 Be7 7. Nf3 Qc7 8. 0-0 0-0 9. Bg5 Be6 10. Re1 Rd8 11. Qc1 b5 12. a4 b4 13. Nd1 Nbd7 14. Be3 Nc5 15. Bxc5 Bxc5 16. Ng5 Bd7 17. Bc4 Be8 18. Nf3 h6 19. b3 Bd7 20. Nb2 a5 21. Nd3 Bd6 22. Kh1 Re8 23. g4 Be6 24. Bxe6 Rxe6 25. Nh4 Bf8 26. Qe3 g6 27. Rg1 Qd8 28. Nf3 Nd7 29. Rad1 Qe7 30. h4 Nb8 31. Rg3 c5 32. Nd2 Qxh4+ 33. Kg2 Qg5 34. Qe2 Nc6 35. Nf3 Qe7 36. Rh1 Rd8 37. Rgh3 g5 38. Qe3 Nd4 39. Nde1 Rg6 40. Rh5 Ne6 41. Kg3 Nf4 42. R5h2 Qd6 43. Nd3 Re6 44. Nb2 Bg7 45. Rd1 Qc7 46. Rxd8+ Qxd8 47. Qxc5 Ne2+ 48. Kg2 Qa8 49. Qe3 Nd4 50. Ne1 f5 51. f3 fxg4 52. fxg4 Rf6 53. Nc4 Rf4 54. Nb6 Rxg4+ 0-1

[Event "WchT Seniors 50"]
[Site "Prague"]
[Date "2020.03.10"]
[Round "5.23"]
[White "Van Schaik, Michael"]
[Black "Paclikova, Jana"]
[Result "1-0"]
[WhiteElo "1537"]
[BlackElo "1830"]
[PlyCount "45"]
[EventDate "2020.03.06"]
[EventType "team-swiss"]
[EventRounds "7"]
[EventCountry "CZE"]
[SourceTitle "CBM 195 Extra"]
[Source "ChessBase"]
[SourceDate "2020.05.31"]
[SourceVersion "1"]
[SourceVersionDate "2020.05.31"]
[SourceQuality "1"]
[WhiteTeam "South Africa 50"]
[BlackTeam "Czech Republic 50 (W) II"]
[WhiteTeamCountry "RSA"]
[BlackTeamCountry "CZE"]

1. d4 d5 2. Nf3 Nf6 3. Bf4 e6 4. e3 c5 5. c3 Nc6 6. Bd3 h6 7. Nbd2 Bd6 8. Bg3 0-0 9. a3 a6 10. Rc1 b5 11. Bb1 Bxg3 12. hxg3 cxd4 13. cxd4 Qd6 14. Qc2 Bb7 15. Nb3 Rac8 16. Nc5 Ba8 17. g4 e5 18. g5 hxg5 19. Qf5 e4 20. Qh3 Nh5 21. Qxh5 f6 22. Nxe4 dxe4 23. Ba2+ 1-0

[Event "WchT Seniors 50"]
[Site "Prague"]
[Date "2020.03.06"]
[Round "1.24"]
[White "Chaloupka, Frantisek"]
[Black "Van Schaik, Michael"]
[Result "1-0"]
[WhiteElo "1990"]
[BlackElo "1537"]
[PlyCount "63"]
[EventDate "2020.03.06"]
[EventType "team-swiss"]
[EventRounds "7"]
[EventCountry "CZE"]
[SourceTitle "CBM 195 Extra"]
[Source "ChessBase"]
[SourceDate "2020.05.31"]
[SourceVersion "1"]
[SourceVersionDate "2020.05.31"]
[SourceQuality "1"]
[WhiteTeam "Czech Republic 50 V"]
[BlackTeam "South Africa 50"]
[WhiteTeamCountry "CZE"]
[BlackTeamCountry "RSA"]

1. e4 c5 2. Nf3 d6 3. d4 cxd4 4. Nxd4 Nf6 5. Nc3 a6 6. Bg5 e6 7. Qd2 Be7 8. 0-0-0 Qc7 9. g3 Nbd7 10. f4 h6 11. Bh4 Nb6 12. Kb1 Bd7 13. Bd3 Rc8 14. Rhe1 Nc4 15. Bxc4 Qxc4 16. e5 dxe5 17. fxe5 Nd5 18. Nxd5 exd5 19. Bxe7 Kxe7 20. e6 Bxe6 21. Nf5+ Kd7 22. Nxg7 Rc6 23. c3 Kc8 24. Qe3 Kb8 25. Qe5+ Ka7 26. Nxe6 Re8 27. Qd4+ Qxd4 28. Nxd4 Rcc8 29. Rxe8 Rxe8 30. Kc2 Kb6 31. Rf1 Rf8 32. Rf6+ 1-0